000 00767nam a2200265Ia 4500
003 OSt
005 20221007110850.0
006 a|||||r|||| 00| 0
007 ta
008 221006b |||||||| |||| 00| 0 eng d
024 _a22,021
037 _cTextual
040 _aLCO
_cLCO
_beng
041 _2eng
_aeng
082 _aZ2,5, P5
100 _aGonsalvez Rebecca
_9707928
245 0 _aCriminal Law
_b Law for Activists Series
260 _aMumbai
_bIndia Centre for Human Right and Law India
_c2005
300 _a165
650 _aCRIMINAL LAW
_9601958
700 _a Hiremath Vijay
_9707929
700 _a Menezes Ryan
_9707930
942 _hZ2,5, P5
_cTEXL
999 _c1191584
_d1191584